000 00294 a2200133 4500
001 155519
040 _cEscola São Tomás de Aquino
100 _aFARACO
240 1 0 _aLingua e literatura
_lpor
245 1 0 _aLingua e literatura
300 _a48
697 _aLíngua portuguesa
942 _cBK
999 _c155519
_d155519